LEADER 01227nam a2200301 i 4500 001 000000086419 003 CaOOAMICUS 005 20140307000000.0 008 140307s2006 it u000 u ita u 013 $a58659 020 $a978-88-17-00977-5 020 $a88-17-00977-6 040 $aSeMil$bita 100 1 $aMachiavelli, Niccolò ,$d<1469-1527>.$0(OLS)http://semarc/name/1234 245 13$aIl principe /$cNiccolò Machiavelli ; testo originale e versione in italiano contemporaneo di Piero Melograni. 260 $aMilano :$bBUR,$c2006. 300 $a252 p. ;$c18 cm. 490 0 $aPillole Bur 600 14$aMachiavelli, Niccolò <1469-1527>.$0(OLS)http://semarc/subject/1228 700 1 $aMelograni, Piero,$d<1930-2012>.$0(OLS)http://semarc/name/89981 830 0$aPillole Bur.$0(OLS)http://semarc/title/7285 850 $aSeMil 852 $aSeMil$W1$xVenegono$y1$m1A I 65$j50113$B50113$CSeMilBibl$Z2$F54018 $81 961 $aAcquisto: Altro 996 $6020$a978-88-17-00977-5$9(OLS)http://semarc/number/66648 996 $6020$a88-17-00977-6$9(OLS)http://semarc/number/66649 996 $6245$aIl principe$9(OLS)http://semarc/title/132736 996 $6260$aMilano :$bBUR$9(OLS)http://semarc/publisher/31429 LEADER 01058nam a2200217 i 4500 001 000000062312 003 CaOOAMICUS 005 20130415000000.0 008 130415s1842 it u000 u ita u 013 $a33484 040 $aSeMil$bita 100 1 $aNova, Alessandro <1819-1887>.$0(OLS)http://semarc/name/25232 245 10$aDelle censure dell'abate Antonio Rosmini-Serbati contro la dottrina religiosa di G.D. Romagnosi :$bsaggio /$cdi Alessandro Nova. 260 $aMilano :$bPerelli e Mariani,$c1842. 300 $a430 p. ;$c25 cm. 600 14$aRosmini Serbati, Antonio .$0(OLS)http://semarc/subject/791 600 14$aRomagnosi, Gian Domenico <1761-1835>.$0(OLS)http://semarc/subject/11161 850 $aSeMil 852 $aSeMil$W1$xVenegono$y1$m2L IV 32 FA$j28465$B28465$CSeMilBibl$Z2$F28468 $8I 996 $6245$aDelle censure dell'abate Antonio Rosmini-Serbati contro la dottrina religiosa di G.D. Romagnosi :$bsaggio$9(OLS)http://semarc/title/98062 996 $6260$aMilano :$bPerelli e Mariani$9(OLS)http://semarc/publisher/42388